00780nam a2200181 a 450000100100000000500170001000800410002704000250006808200160009324500950010926000680020430000350027270000310030704900090033895201140034795201200046199900170058100001711620200929165028.0100317s19UU dr ac 0 1 0 spa d aDO-SdBNPbspacBNPHU axxxxbN899b10aNotas biográficas de pasados presidentes 1947-1994 /cintroducción Argentina Germán. a[Santo Domingo?] :bSociedad Dominicana de Pediatría,c198?]. a65 p. :bil., retrs. ;c22 cm.1 aGermán, Argentina937719 aBNPD 0010718PDaPDbPDcCTd2010-03-17iLF1l0oxxxx N899bp17116-10r2020-06-25w2020-06-25yLFPDZNo se presta 0010718PDaPDbPDcCTd2010-03-17iLF1l0oxxxx N899bp17116-20r2020-06-25te. 2w2020-06-25yLFPDZNo se presta c16642d16642